| 000 | 00860cam a2200277 4500 | ||
|---|---|---|---|
| 008 | |||
| 020 | _a0871682214 (pbk.) | ||
| 049 | _aMAIN | ||
| 090 | _aTJ163.2 | ||
| 100 | 1 | _aHammond, Allen L. | |
| 245 | 1 | 0 |
_aEnergy and the future / _c Allen L. Hammond, William D. Metz and Thomas H. Maugh II. |
| 260 |
_aWashington : _bAmerican Association for the Advancement of Science, _cc1973. |
||
| 300 |
_axii, 184 p. _bill. ; _c25 cm. |
||
| 500 | _aIncludes index. | ||
| 504 | _aIncludes bibliographical references. | ||
| 650 | 0 | _aPower resources. | |
| 650 | 0 | _aEnergy conservation. | |
| 650 | 0 | _aEnergy policy. | |
| 700 | 1 | _aMetz, William D. | |
| 700 | 1 | _aMaugh, Thomas H. | |
| 907 |
_a.b10070199 _b05-09-05 _c17-04-03 |
||
| 003 | |||
| 005 | 20230123134050.0 | ||
| 040 | _cNUST | ||
| 942 |
_cBOOKS _kTJ163.2 |
||
| 999 |
_c159422 _d159422 |
||